| 000 | 00595nam a22001937a 4500 | ||
|---|---|---|---|
| 005 | 20170105165215.0 | ||
| 010 | _aENG-117016 | ||
| 020 |
_a8192496627 _c595.00 |
||
| 020 |
_a9788192496627 _c595.00 |
||
| 035 | _aEN-100548 | ||
| 037 | _bDBAD/PUB | ||
| 082 | _a423 | ||
| 100 | _aArvind Kumar | ||
| 245 |
_aArvind word power English-Hinfdi _ba dictionary with differences / _cby Arvind Kumar |
||
| 260 |
_aNew Delhi _bArvind linguistics _c2015 |
||
| 270 |
_aE-28,First Floor, Kalindi Colony _bNew Delhi _e110065 |
||
| 300 |
_a1350p. _c23cm(pbk) |
||
| 942 |
_2ddc _cEN _h423 _mARV |
||
| 999 |
_c105779 _d105779 |
||